Loading...
Poverty Amid Prosperity
| Sprog: | Undetermined |
|---|---|
| Fag: |
| LEADER | 00573nab a2200181Ia 4500 | ||
|---|---|---|---|
| 008 | 170811c99999999xx |||||||||||| ||und|| | ||
| 245 | |a Poverty Amid Prosperity | ||
| 300 | |a 11-12 | ||
| 653 | |a Employment | ||
| 653 | |a Health | ||
| 653 | |a Literacy rate | ||
| 653 | |a Poverty | ||
| 653 | |a Rural poverty | ||
| 653 | |a Gujarat | ||
| 773 | |t Monthly Commentary On Indian Economic Condition |g Vol. LIV No. 6 (January) 2013 | ||
| 942 | |c ART | ||
| 999 | |c 179855 |d 179855 | ||
| 952 | |0 0 |1 0 |4 0 |7 0 |9 245703 |a LIB |b LIB |d 2017-08-13 |h Vol. LIV No. 6 (January) 2013 |r 2017-08-13 |w 2017-08-13 |y ART | ||